Statistics for Ologies

Click here to take the quiz!

General Stats

  • This quiz has been taken 28 times
  • The average score is 11 of 20

Answer Stats

rankstudy of...word% Correct
5life, in all its formsbiology
96%
15lawbreakingcriminology
92%
7rocksgeology
92%
2the mindpsychology
88%
10excavated artifactsarchaeology
83%
1things technicaltechnology
79%
4divinitytheology
79%
19the effect of celestial bodies on human affairsastrology
75%
3human societysociology
71%
18the structure of the universecosmology
54%
12ordering past eventschronology
46%
8interaction between organisms and environmentecology
46%
6mankind's customs & beliefsanthropology
42%
14nature of diseasepathology
42%
9stories, traditions & beliefsmythology
38%
20functions of living organismsphysiology
25%
11biological industrial applicationsbiotechnology
21%
17speech sounds and patternsphonology
21%
13structure of organismsmorphology
8%
16human knowledgeepistemology
4%

Score Distribution

Percentile by Number Answered

Percent of People with Each Score

Your Score History

You have not taken this quiz